Gundam OVAs and ONAs - Statistics

General Stats
  • This quiz has been taken 4 times
  • The average score is 6 of 14
Answer Stats
Hint Answer % Correct
1989 Mobile Suit Gundam 0080: War in the Pocket
100%
1991-1992 Mobile Suit Gundam 0083: Stardust Memory
100%
1996-1999 Mobile Suit Gundam: The 08th MS Team
100%
2010-2014 Mobile Suit Gundam Unicorn
100%
2004-2009 Mobile Suit Gundam MS IGLOO
75%
2015-2017 Mobile Suit Gundam Thunderbolt
50%
2024 Gundam: Requiem for Vengeance
25%
2015-2018 Mobile Suit Gundam: The Origin
25%
2017 Mobile Suit Gundam: Twilight AXIS
25%
2001-2007 Gundam Evolve
0%
1997 Gundam Wing: Endless Waltz
0%
2006 Mobile Suit Gundam SEED C.E. 73: Stargazer
0%
2004 Mobile Suit Gundam SEED MSV Astray
0%
2022 Mobile Suit Gundam: The Witch from Mercury - Prologue
0%
No matching quizzes found
Score Distribution
Percent of People with Each Score
Percentile by Number Answered
Your Score History
You have not taken this quiz